000 nam a22 a 4500
999 _c56451
_d56451
003 BLK
005 20221208105841.0
008 180408b bul|||||r ||||||| ||bul||
010 _aKNG00060432000
040 _aBLK
041 _aBUL
_cBUL
080 _aЖивотновъдни сгради и съоръжения. Ферми. Спомагателни помещения. Оборудване. Вж и 728. 9; 69; 636. 08; 727. 6; 631. 3
_b631.22
_x(035)
_z631.22(035)
080 _aВрагове на домашните животни и защита (зоотехническа) от тях
_b636.09
_x:591.5(035)
_z636.09:591.5(035)
080 _aВетеринарна зоохигиена
_b636.09:614.9
_x(035)
_z636.09:614.9(035)
100 _91299
_aПетков, Георги Николов
_eпърви автор
139 _aВетеринарномедицински справочник по екология и хигиена
245 1 0 _aВетеринарномедицински справочник по екология и хигиена
_c Георги Петков и др
257 _aBGR
260 _bЗемиздат
_c1979
_aСофия
300 _a312 с.
_c20 см
380 _a63
500 _aДруги авт. : П. Стоянов, Б. Байков, Л. Борисова 1 600 тир
650 7 _9170653
_aСелскостопански животни
653 _aветеринарна медицина
852 _aЦб 100099
_bЦб
856 4 _qpdf
_i0.00
_ldisable
856 4 _qpdf
_i0.00
_ldisable
942 _cKNG
_n0
_s1
944 _aCR
_c13.06.2004
_kЧиталня
944 _aED
_c29.08.2016
_kНаталия_Любомирова
944 _aED
_c2022-12-08
_kМикаела Микова-Илиева
999 _d56451